| 000 | 00000nam 2200000za 4500 |
| 001 | 9.822518 |
| 003 | CaOODSP |
| 005 | 20221107143709 |
| 007 | cr ||||||||||| |
| 008 | 160812s1994 oncdk #o f001 0 eng d |
| 040 | |aCaOODSP|beng |
| 043 | |an-cn--- |
| 086 | 1 |aCS89-0014/1994E-PDF |
| 245 | 10|aInternational Adult Literacy Survey, Canadian data |h[electronic resource] : |bmicrodata user's guide. |
| 260 | |a[Ottawa] : |bStatistics Canada, |c[1994]. |
| 300 | |a266 p. : |bforms, charts. |
| 500 | |aDigitized edition from print [produced by Statistics Canada]. |
| 520 | |aThe Canadian component of the International Adult Literacy Survey (IALS) was conducted by Statistics Canada in September 1994 with the cooperation and support of the National Literacy Secretariat and Human Resources Development Canada. This manual has been produced to facilitate the manipulation of the microdata file of the survey results. |
| 692 | 07|2gccst|aSurveys |
| 692 | 07|2gccst|aInternational programs |
| 692 | 07|2gccst|aHandbooks |
| 692 | 07|2gccst|aLiteracy |
| 692 | 07|2gccst|aAdults |
| 710 | 1 |aCanada.|bStatistics Canada.|bSpecial Surveys Division. |
| 710 | 1 |aCanada. |bHuman Resources Development Canada. |
| 710 | 1 |aCanada.|bNational Literacy Secretariat. |
| 856 | 40|qPDF|s4.56 MB|uhttps://publications.gc.ca/collections/collection_2016/statcan/CS89-0014-1994-eng.pdf |